000 00440nam a2200157Ia 4500
005 20250329095214.0
008 231217s9999 xx 000 0 und d
020 _a9788131401378
082 _a657 SEE.8;1 R
100 _aSeethapathi, K. Srinivas, N. Padmavathi, C [et al...]
245 0 _aAccounting standards V 8
260 _c2004
_bIcfai
_aHyderabad
300 _avii, 202+A11
650 _aAccounting,standards,V,8
942 _cAA
999 _c188569
_d188569